| 000 | 00962nam a2200241Ia 4500 | ||
|---|---|---|---|
| 999 |
_c53763 _d53763 |
||
| 001 | 20812 | ||
| 003 | GE_BSU | ||
| 005 | 20221114120044.0 | ||
| 008 | 181216s2012||||enk|||||||||||||| ||eng|| | ||
| 020 | _a9780415341233x | ||
| 040 | _cGE_BSU | ||
| 041 | _ageo | ||
| 080 | _a327 327 M-29 | ||
| 100 |
_aMarsh, Steve _911323 |
||
| 245 | 4 |
_aThe European Union in the security of Europe : _bfrom Cold War to terror war / _cSteve Marsh, Wyn Rees. |
|
| 264 |
_aLondon and New York : _bRoutledge, _c2012. |
||
| 300 |
_ax, 246 p. ; _c24 cm. |
||
| 500 | _aBibl. : p.211-237; Index.: p.230-246 | ||
| 653 | _aSecurity, International--European Union countries. National security--European Union countries. Security, International--Europe. European Union countries--Foreign relations. | ||
| 653 | _aThe European Union in the security of Europe : from Cold War to terror war | ||
| 653 | _aევროკავშირის პოლიტიკა | ||
| 942 |
_cBK _2udc |
||